00389nam a2200133Ia 4500008004100000041000800041082001800049100001400067245007500081260002100156300000800177365001600185700005400201230718s9999 xx 000 0 und d aeng a005.4'32bHAY aHaycox I. aLinux E-mailbSet Up, Maintain And Secure A Small Office E-mail Server c2010bPackt Pub. a353 cRs.b450.00 aHaycox I.; McDonald A.; Back M. & Hildebrandt R.